Poetry and the criticism of life ; the Charles Eliot Norton lectures for 1929-1930.

Bibliographic Details
Main Author: Garrod, H. W. (Heathcote William), 1878-1960
Format: Book
Language:English
Published: New York : Russell & Russell, 1963
Subjects:

MARC

Tag First Indicator Second Indicator Subfields
LEADER 00000cam a22000001 4500
001 in00000443113
005 20151012080544.0
008 771229c19631931nyu 00000 eng
010 |a  63015159  
035 |a (OCoLC)00331428 
035 |9 ABX5505AM 
040 |a DLC  |c DLC  |d TXA  |d UtOrBLW 
049 |a TXAM  |c [369148] 
050 0 0 |a PR583  |b .G3 1963 
082 1 |a 809.1 
092 |a 809.1  |b G243p, 1963 
100 1 |a Garrod, H. W.  |q (Heathcote William),  |d 1878-1960. 
245 1 0 |a Poetry and the criticism of life ;  |b the Charles Eliot Norton lectures for 1929-1930. 
264 1 |a New York :  |b Russell & Russell,  |c 1963 
264 4 |c [©1931] 
300 |a 168 pages ;  |c 23 cm. 
336 |a text  |b txt  |2 rdacontent 
337 |a unmediated  |b n  |2 rdamedia 
338 |a volume  |b nc  |2 rdacarrier 
600 1 0 |a Arnold, Matthew,  |d 1822-1888. 
600 1 0 |a Emerson, Ralph Waldo,  |d 1803-1882. 
600 1 0 |a Clough, Arthur Hugh,  |d 1819-1861. 
600 1 0 |a Bridges, Robert,  |d 1844-1930.  |t Testament of beauty. 
650 0 |a Poetry. 
650 0 |a Criticism. 
999 |a MARS 
999 f f |s 767e1b4e-a2b1-32b1-80fe-02cc17eb181e  |i 86c18189-2a3b-32d9-9bb0-5279dd5f320d  |t 0 
952 f f |p ric  |a Texas A&M University  |b Rellis Campus  |c Joint Library Facility  |d Remote Storage  |t 0  |e PR583 .G3 1963  |h Library of Congress classification  |i unmediated -- volume  |m A14801206313 
998 f f |a PR583 .G3 1963  |t 0  |l Remote Storage